000 02300cam a2200289 4500500
005 20251228075708.0
041 _afre
042 _adc
100 1 0 _aDubreucq, Éric
_eauthor
245 0 0 _aExit Roth
260 _c2019.
500 _a11
520 _aPhilip Roth est mort le 22 mai 2018 à 85 ans ; il laisse une œuvre considérable, à laquelle je veux essayer de rendre hommage, en soulignant, pour commencer, son caractère scandaleux : Roth fut accusé d’antisémitisme, de pornographie et de misogynie, et, pour cela, vilipendé sur la place publique. C’est que ses livres sont traversés de provocations, et qu’ils s’efforcent de décrire une expérience humaine faite, parfois, de grandeurs, et, souvent, de bassesses. La littérature, selon Roth, n’a pas de leçon de morale à donner ni à recevoir, parce que sa fonction n’est pas d’exprimer quelque idéal de pureté ou de bonté, mais de peindre, par le biais de certains procédés littéraires, la réalité, de la tenir à distance par le rire sans en occulter les aspects les plus sombres.
520 _aPhilip Roth died on May 22, 2018, he was 85 years old. He leaves a considerable work to which I want to try to pay tribute, first, by underlining its scandalous character. Roth was accused of anti-Semitism, pornography and misogyny, and for these reasons, vilified in the public space. This may be explained by the fact that his books are full of provocations, and that they try to paint human experience, sometimes in its greatness and often in its littleness. According to Roth, literature has no moral lesson to give, nor to receive, because its function is not to express any ideal of purity or goodness, but to describe reality with the help of some literary means, to keep it at bay using mockery and ridicule, and reveal its darkest aspects.
690 _aantisémitisme
690 _alittérature
690 _amisogynie
690 _amorale
690 _aPhilip Roth
690 _aanti-Semitism
690 _aliterature
690 _amisogyny
690 _amorals
690 _aPhilip Roth
786 0 _nLe Télémaque |  54 | 2 | 2019-06-24 | p. 15-25 | 1263-588X
856 4 1 _uhttps://shs.cairn.info/revue-le-telemaque-2018-2-page-15?lang=fr&redirect-ssocas=7080
999 _c1598056
_d1598056